| 000 | 00418pab a2200145 454500 | ||
|---|---|---|---|
| 008 | 180718b2014 xxu||||| |||| 00| 0 eng d | ||
| 100 | _aVaddiraju, Anil Kumar | ||
| 245 | _aUnderstanding South India: its political regimes and social security | ||
| 260 | _c2014 | ||
| 300 | _ap.358-370. | ||
| 362 | _aJul-Dec | ||
| 650 | _aSocial security | ||
| 773 | _aJournal of Social and Economic Development | ||
| 909 | _a108784 | ||
| 999 |
_c108779 _d108779 |
||